Building safer cities: the future of disaster risk (Record no. 36301)

MARC details
000 -LEADER
fixed length control field 00830nam a2200217 a 4500
008 - FIXED-LENGTH DATA ELEMENTS--GENERAL INFORMATION
fixed length control field 120416s2003 ||||||||||||||||| || u
050 ## - LIBRARY OF CONGRESS CALL NUMBER
Classification number IBRD(08)DRM
100 ## - MAIN ENTRY--PERSONAL NAME
Personal name Kreimer, Alcira
245 10 - TITLE STATEMENT
Title Building safer cities: the future of disaster risk
Statement of responsibility, etc. edited by Alcira Kreimer
260 ## - PUBLICATION, DISTRIBUTION, ETC.
Place of publication, distribution, etc. Washington, D.C.:
Name of publisher, distributor, etc. World Bank
Date of publication, distribution, etc. 2003
300 ## - PHYSICAL DESCRIPTION
Extent xxi, 299p. :ill.
350 ## - PRICE (NR) (BK AM CF MU VM SE) [OBSOLETE]
Price 0.00
490 ## - SERIES STATEMENT
Series statement Disaster Risk Management Series
650 ## - SUBJECT ADDED ENTRY--TOPICAL TERM
Topical term or geographic name entry element DISASTERS--DEVELOPING COUNTRIES
650 #0 - SUBJECT ADDED ENTRY--TOPICAL TERM
Topical term or geographic name entry element CITY PLANNING--DEVELOPING COUNTRIES
650 ## - SUBJECT ADDED ENTRY--TOPICAL TERM
Topical term or geographic name entry element EMERGENCY MANAGEMENT--DEVELOPING COUNTRIES
650 ## - SUBJECT ADDED ENTRY--TOPICAL TERM
Topical term or geographic name entry element FLOODS--DEVELOPING COUNTRIES
700 ## - ADDED ENTRY--PERSONAL NAME
Personal name Carlin, Anne
700 ## - ADDED ENTRY--PERSONAL NAME
Personal name Arnold, Margaret
995 ## - RECOMMENDATION 995 [LOCAL, UNIMARC FRANCE]
-- 0.00
-- CBU-MAIN LIBRARY (Kitwe)
-- 1
-- 0.00
-- 1
-- AVAILABLE
-- International Publications
Holdings
Withdrawn status Lost status Source of classification or shelving scheme Damaged status Not for loan Home library Current library Shelving location Date acquired Total Checkouts Full call number Barcode Date last seen Price effective from Koha item type
          CBU-MAIN LIBRARY, KITWE. CBU-MAIN LIBRARY, KITWE.   11/30/2022   IBRD(08)DRM 52230 11/30/2022 11/30/2022 MONOGRAPH